000 01162nam a22002657a 4500
008 160603b xxu||||| |||| 00| 0 eng d
082 0 4 _a701.18
_bB576r
100 1 _aMinia Biabiany, Madeline Jimenez, Ulrik Lopez.
_95131
110 1 _aCooperativa Cráter Invertido (Editorial cráneo invertido)
_95132
245 _a"Semillero Caribe" :
_bPrograma de Seminarios en el Presente por Cráter Invertido /
_cMinia Biabiany, Madeline Jimenez y Ulrik Lopez.
250 _a1a ed,
260 _aMéxico :
_bCooperativa Cráter Invertido (Editorial cráneo invertido)
_c2016.
300 _a4 v.
_bcol.
440 _aSemillero Caribe
_v4
_95468
505 _tVolumen I: La relación.
_tVolumen II: Cuerpo/oralidad.
_tVolumen III: Colonialismo interiorizado.
_tVolumen IV: Territorio.
650 _aCooperativa Cráter Invertido (Editorial cráneo invertido)
_95133
653 1 0 _aCritica e interpretación
653 1 0 _aArts Collaboratory
653 1 0 _aArte - Filosofía
653 1 0 _aExperimentación artística
700 1 _aMinia Biabiany,
_95134
700 1 _aMadeline Jimenez
_95135
700 1 _aUlrik Lopez.
_95136
710 1 _aCooperativa Cráter Invertido
_95137
999 _c936
_d936